|
|
|
|
| LEADER |
00931pam a22002658a 4500 |
| 001 |
00017127 |
| 005 |
20171026081022.0 |
| 008 |
110418s1996 ||||||Viesd |
| 020 |
|
|
|c 8100
|
| 041 |
0 |
# |
|a Vie
|
| 082 |
1 |
4 |
|a 621.31
|b H561D
|
| 100 |
0 |
# |
|a Châu Ngọc Thạch
|
| 245 |
0 |
0 |
|a Hướng dẫn sử dụng và sửa chữa máy biến áp Động cơ điện, máy phát điện công suất nhỏ
|c Châu Ngọc Thạch
|
| 250 |
# |
# |
|a In lần thứ 2
|
| 260 |
# |
# |
|a H.
|b Giáo dục
|c 1996
|
| 300 |
# |
# |
|a 192 tr.
|b Hình vẻ
|c 21 cm.
|
| 650 |
# |
4 |
|a Máy biến áp
|
| 653 |
# |
# |
|a Hướng dẫn sử dụng
|
| 653 |
# |
# |
|a Máy phát
|
| 653 |
# |
# |
|a Sửa chữa
|
| 653 |
# |
# |
|a Động cơ điện
|
| 852 |
# |
# |
|b Kho đọc
|j KD.0002565
|
| 852 |
# |
# |
|j KD.0002565
|
| 910 |
|
|
|d 18/04/2011
|
| 980 |
# |
# |
|a Trung tâm Học liệu Lê Vũ Hùng, Trường Đại học Đồng Tháp
|